| 000 | 02566cam a22005174i 4500 | ||
|---|---|---|---|
| 003 | PE-LiUPU | ||
| 005 | 20250731173314.0 | ||
| 008 | 150625s2005 pe a r 000 0 spa d | ||
| 035 | _a(Sirsi) a37321 | ||
| 040 |
_aPE-LiUPU _bspa _cPE-LiUPU _erda |
||
| 049 | _aPRUA | ||
| 082 | 0 | 4 |
_a254.5 _bS56 _221 |
| 111 | 2 |
_aSimposio Iglecrecimiento _nI. _d04-06 diciembre 2005 _cUniversidad Peruana Unión |
|
| 245 | 1 | 0 |
_aI Simposio iglecrecimiento / _cUniversidad Peruana Unión. |
| 264 | 1 |
_aLima : _bUniversidad peruana Unión, _c2005. |
|
| 300 |
_a132 páginas : _bilustraciones ; _c24 centímetros |
||
| 336 |
_atext _2rdacontent |
||
| 337 |
_aunmediated _2rdamedia |
||
| 338 |
_avolume _2rdacarrier |
||
| 505 | 0 | _aInstituto de crecimiento de iglesia -- Servicios -- Cánticos para el simposio de iglecrecimiento --Programación general -- Sesiones paralelas I, II, III -- Resúmenes de ponencias plenarias -- Comisiones Isimposio de iglecrecimiento. | |
| 526 | _aSEG42 | ||
| 526 | _aSEG41 | ||
| 526 | _aSEG40 | ||
| 526 | _aSEG39 | ||
| 526 | _aP94 | ||
| 526 | _aP87 | ||
| 526 | _aP86 | ||
| 526 | _aP85 | ||
| 526 | _aP77 | ||
| 526 | _aP76 | ||
| 526 | _aP35 | ||
| 611 |
_aSimposio Iglecrecimiento _nI. _d04-06 diciembre 2005 _cUniversidad Peruana Unión _vDocumentos. |
||
| 650 | 0 | 4 | _aCrecimiento de iglesia. |
| 910 |
_agl _bjv _cng _d20060913 |
||
| 942 |
_2ddc _cBOOK |
||
| 949 |
_a254.5 S56 _wDEWEY _c1 _i56246 _lCCODEBUL1 _mBUL _p10 _r0 _sY _tBOOK _u2015-06-25 _xTEOLOGIA _zUNKNOWN _0COMPRA _o.STAFF. Colección General |
||
| 949 |
_a254.5 S56 _wDEWEY _c2 _i56247 _lCCODEBUL1 _mBUL _p10 _r0 _sY _tBOOK _u2015-06-25 _xTEOLOGIA _zUNKNOWN _0COMPRA _o.STAFF. Colección General |
||
| 949 |
_a254.5 S56 _wDEWEY _c3 _i57225 _lCCODEBUL1 _mBUL _p15.00 _r0 _sY _tBOOK _u2015-06-25 _xBIBLIOTECA _zUNKNOWN _0COMPRA _o.STAFF. Colección General |
||
| 596 | _a1 | ||
| 999 |
_a254.5 S56 _wDEWEY _c45491 _i56246 _d45491 _e2016-4-24 _f2021-11-10 _g5 _lCCODEBUL1 _mBUL _n2 _p12.00 _r0 _sY _tBOOK _u2015-6-25 _xTEOLOGIA _PP35 _0COMPRA _o.STAFF. Colección Teología |
||
| 999 |
_a254.5 S56 _wDEWEY _c2 _i56247 _d2015-12-9 _e2015-12-2 _f2021-11-10 _g5 _lCCODEBUL1 _mBUL _n3 _p12.00 _r0 _sY _tBOOK _u2015-6-25 _xTEOLOGIA _zUNKNOWN _0COMPRA _o.STAFF. Colección Teología |
||
| 999 |
_a254.5 S56 _wDEWEY _c3 _i57225 _d2016-9-22 _e2016-9-15 _f2021-11-10 _g5 _lCCODEBUL1 _mBUL _n1 _p15.00 _r0 _sY _tBOOK _u2015-6-25 _xTEOLOGIA _PP35 _0COMPRA _o.STAFF. Colección Teología |
||
| 980 |
_81 _gALBERTO SANCHEZ Responsable de Automatización |
||